Statistics for Top 10 Most Powerful Militaries 2023

Click here to take the quiz!

General Stats

  • This quiz has been taken 93 times
  • The average score is 9 of 10

Answer Stats

HintAnswer% Correct
3.China
100%
2.Russia
100%
1.United States Of America
99%
4.India
98%
5.United Kingdom
97%
9.France
94%
8.Japan
90%
6.South Korea
85%
7.Pakistan
84%
10.Italy
83%

Score Distribution

Percentile by Number Answered

Percent of People with Each Score

Your Score History

You have not taken this quiz